Oasis Hey Now! - All Lyrics - Statistics

General Stats
  • This quiz has been taken 88 times
  • The average score is 235 of 335
Answer Stats
Answer % Correct
a
97%
I
97%
i
97%
no
92%
hey
90%
now
90%
do
87%
the
87%
to
87%
me
86%
my
83%
with
83%
lane
79%
road
79%
time
79%
down
78%
memory
78%
side
78%
walk
78%
for
76%
of
76%
sky
76%
soul
76%
took
76%
as
75%
black
75%
find
75%
just
75%
say
75%
turned
75%
never
73%
way
73%
away
71%
by
71%
ride
71%
that
71%
time's
70%
times
70%
and
68%
And
68%
back
68%
fame
68%
someone
68%
you
68%
"you
68%
feel
67%
know
67%
shame
67%
theres
67%
thought
67%
runnin
65%
heard
63%
did
62%
it
62%
what
62%
cause
60%
when
57%
hitched
56%
be
54%
in
54%
in?
54%
will
54%
slippin
51%
hold
48%
chain
46%
i'm
46%
lookin
46%
on
46%
at
44%
was
44%
want
43%
your
43%
am
41%
got
41%
thing
41%
anyone
40%
door
40%
i've
40%
let
40%
sign
40%
wall
40%
first
38%
gonna
38%
held
38%
looking
38%
standin
38%
walked
38%
why
38%
head"
37%
ignoring
37%
inside
37%
might
37%
myself
37%
read
37%
saw
37%
stands
37%
through
37%
asked
35%
hands
35%
or
35%
can
33%
said
33%
skin
32%
written
32%
You're
32%
you're
32%
what's
30%
won't
30%
fell
29%
gotta
29%
livin'
27%
No matching quizzes found
Score Distribution
Percent of People with Each Score
Percentile by Number Answered
Your Score History
You have not taken this quiz